000 00521nam a2200145 4500
999 _c10848
_d10848
008 180924b ||||| |||| 00| 0 eng d
022 _a2094-8042
082 _aDPer 370.105 M72 Jan-Dec 2011 v59-60
100 _931557
_aBasultin-Memory Jean Baloya
245 _aThe teacher as factor in achieving quality education/
_cMemory Jean Baloya Basultin
260 _aPhilippines:
_bIn the Grade School, Inc.,
_cc2011.
300 _av60 n5, page 184:
_billustrations;
_c27cm.
650 0 _931558
_aTeachers.
942 _2ddc
_cPER